| 000 | 00314nam a2200109 4500 | ||
|---|---|---|---|
| 999 |
_c9750 _d9750 |
||
| 008 | 180716b ||||| |||| 00| 0 eng d | ||
| 245 | _aDuterte gov't commits to cut income tax rates. | ||
| 260 |
_aPhilippines _bPhilippine Daily Inquirer _cc2016 |
||
| 300 | _apage B8. | ||
| 650 | 0 |
_928934 _aTaxation. |
|
| 942 |
_2ddc _cPER |
||